INTRODUCTION TO STATISTICS AN ACTIVE LEA (Record no. 27388)

MARC details
000 -LEADER
fixed length control field 00343nam a2200133Ia 4500
008 - FIXED-LENGTH DATA ELEMENTS--GENERAL INFORMATION
fixed length control field 240624s9999 xx 000 0 und d
041 ## - LANGUAGE CODE
Language code of text/sound track or separate title eng
082 ## - DEWEY DECIMAL CLASSIFICATION NUMBER
Classification number 519.5 CAR
100 ## - MAIN ENTRY--PERSONAL NAME
Personal name CARLSON KIETH A
245 ## - TITLE STATEMENT
Title INTRODUCTION TO STATISTICS AN ACTIVE LEA
260 ## - PUBLICATION, DISTRIBUTION, ETC.
Date of publication, distribution, etc. 2014
Place of publication, distribution, etc. London
Name of publisher, distributor, etc. Sage
300 ## - PHYSICAL DESCRIPTION
Extent xxiv, : 549 : p. : cm. ; 23
365 ## - TRADE PRICE
Currency code
Price amount 38
Holdings
Withdrawn status Lost status Damaged status Not for loan Home library Current library Shelving location Date acquired Source of acquisition Cost, normal purchase price Total Checkouts Total Renewals Full call number Barcode Date last seen Date last checked out Copy number Price effective from Koha item type
        IMTN IMTN Rack 18-A 05/02/2016 AP 86.00 2 2 519.5 CAR 27388 09/21/2024 09/15/2024 70.7 06/24/2024 Books
Designed & Maintained by: LRC IMT Nagpur Contact: lrc@imtnag.ac.in© 2024. All Rights Reserved.